01006nab a22002177a 450000500170000000800410001704000250005804100080008304400070009111000550009824500350015326000810018830000410026952001850031065000480049565000450054365100400058877301270062894200160075599900170077120150806152857.0150806b1982 ck |||||r|||| 00| 0 spa d aCO-BoIAVHcCO-BoIAVH0 aspa ack1 aUniversidad del Tolimab, Grupo ecológico9367021 aInsecticidas y espermatozoides3 aIbagué (Colombia):bCentro de publicaciones Universidad del Tolima,c1982. aVol.5, Nro. 57, Año 1982, Pag. 1-2 aElevados porcentajes de impotencia sexual y esterilidad masculina han comprobado en Espinal, Tolima como una consecuencia de esto la intoxicación por elevado uso de insecticidas. 6aInsecticidasxEfectos fisiológicos936703 6aInsecticidasxEfectos secundarios936704 4aColombiayTolimayEl Espinal9367050 aUniversidad del TolimadIbagué (Colombia): Centro de publicaciones de la Universidad del Tolima, 1977-.tSOS ecológico 2zcARTICULO c17658d17658